| 000 | 00674nam a2200193 a 4500 | ||
|---|---|---|---|
| 001 | 000035187 | ||
| 005 | 20200930074149.0 | ||
| 008 | 111025s1990 dr ac 001 0cspa d | ||
| 040 |
_aDO-SdBNP _bspa _cBNPHU |
||
| 082 |
_a709.7291 _bR811v |
||
| 100 | 1 |
_aRosell, Rosendo, _d1918-2010 _960917 |
|
| 245 | 1 | 0 |
_aVida y milagros de la farándula de Cuba / _cRosendo Rosell. |
| 260 |
_aSanto Domingo : _bTaller, _c1990. |
||
| 300 |
_a419 p. : _bil., retr. ; _c23 cm. |
||
| 590 | _aInventariado, 2018/LP | ||
| 650 | 4 |
_aArtistas cubanos _xAnécdotas, chistes, sátiras, etc. _960918 |
|
| 650 | 4 |
_aArtes escénicas _xHistoria _zCuba _960919 |
|
| 910 | _aValidado. Control de la calidad EMS. | ||
| 999 |
_c34678 _d34678 |
||